000 01255cad a22002295a 4500
001 L146399
008 090116s2008 xxk f 000 0 eng d
035 _a(Sirsi) u146399
041 0 _aeng
050 0 4 _a333.32 $2 18
110 2 _aInvestment Property Forum
_92112
245 0 4 _aThe Investment Property Forum consensus forecasts survey of independent forecasts for UK commercial property investment
_bsummary report
_h[electronic resource]
260 _aLondon
_bIPF
_c2008
520 _aSummarises the results of the consensus All Property total forecasts for UK commercial property for 2008. Reports that the All Property total return forecast has again fallen sharply from -10.6% to -16.8%. Reveals that the 2009 figure has turned negative for the first time. Suggests that rental and capital growth forecasts have also been revised downwards for all sectors.
521 _aAdvanced
590 _aKA
650 2 4 _aIPF CONSENSUS FORECAST SURVEY
651 4 _aUnited Kingdom
_y
690 _aPROPERTY-COMMERCIAL PROPERTY-COMMERCIAL PROPERTY MARKET
856 4 0 _uhttps://www.ipf.org.uk/mainwebsite/generalcontent8ffa20e881efb5fc6521db79.aspx?map=eb5ac5da475549fedb91c00e0648968d
_zView the item free of charge at www.ipf.org.uk...
942 _n0
999 _c109160
_d109160